00743nam a2200241 a 4500001001300000003000900013005001700022008004100039020000900080082001800089100001600107245008100123260005900204300000900263500003500272505001300307650001800320700001600338902000800354942000700362952011700369999001500486nice12345678IN_TiNIC20260116012355.0050524s1987 bana grp 000 0 eng  ac4000a294.5924bTHO aThomas, P M a20th Century Indian Interpretations of Bhagvad Gitab Tilak, Gandhi, Aurobin aBangalorebChristian Instt.For Study of Religionc1987 a204p aincludes index and biblioraphy2 aAppendix aBhagavad Gita1 aThomas, P M bSRS cBK 001040708StackRoom-aHMIbHMId2007-07-26g40.00l0o294.5924 THOp012778r2007-07-26v40.00w2005-05-24yBK c6756d6756